000 00371nab a22001097u 4500
008 130520b2011 xxu||||| |||| 00| 0 spa d
041 _aspa
100 1 _aIguíñiz Echeverría, Javier María
_966892
245 0 0 _aEconomía y desarrollo como libertad
_cJavier María Iguíñiz Echeverría
773 0 _tConcilium
_gnº343,2011,págs. 49-60
_x0210-1041
_wRev134
942 _cAR
999 _c418470
_d418470